000 01850nam0a2200361 4500
001 RU\NLR\BIBL_A\022212671
005 20251214193507.0
010 _a978-5-4323-0484-1
_9100
035 _a(NLR Aleph) 022212671
035 _a(RuMoRGB)012202758
090 _a13495470
_c13495470
100 _a20240503d2023 u y0rusy50 ca
101 0 _arus
102 _aRU
105 _aa j 000yy
181 0 _ai3
_baxxe
182 0 _an
200 1 _aСтроительство промышленных и гражданских сооружений на песчаных грунтах
_eучебное пособие
_eдля слушателей системы повышения квалификации, бакалавров, магистров, специалистов и аспирантов
_fМ. Ю. Абелев, И. В. Аверин, Д. Ю. Чунюк, А. А. Алмазов
_gпод общей редакцией доктора технических наук, профессора М. Ю. Абелева
203 _aТекст
_bвизуальный
_cнепосредственный
210 _aМосква
_cАСВ
_d2023
215 _a321 с.
_cил., табл.
_d21
320 _aБиблиогр.: с. 313-321 (120 назв.)
606 1 _aОснования и фундаменты на песчаных грунтах
_jУчебные издания
_91052161
_3RU\NLR\AUTH\66406877
675 _a69:624.13(075)
_v4
686 1 _aН581.242.2я7-1
701 1 _aАбелев
_bМ. Ю.
_f1935-
_gМарк Юрьевич
701 1 _aАверин
_bИ. В.
_gИгорь Вячеславович
701 1 _aЧунюк
_bД. Ю.
_gДмитрий Юрьевич
701 1 _aАлмазов
_bА. А.
_gАлексей Андреасович
942 _cBOOK
980 _aNB